Los alumnos : adversarios en las relaciones de poder dentro del aula : testimonios de profesores (Record no. 155395)
[ view plain ]
| 000 -CABECERA | |
|---|---|
| campo de control de longitud fija | 01818nab a2200301 a 4500 |
| 005 - FECHA Y HORA DE LA ÚLTIMA TRANSACCIÓN | |
| campo de control | 20210219161340.0 |
| 008 - ELEMENTOS DE LONGITUD FIJA--INFORMACIÓN GENERAL | |
| campo de control de longitud fija | 991125s1985 mx 000 0 spa u |
| 035 ## - NÚMERO DE CONTROL DEL SISTEMA | |
| Número de control de sistema | UPN01000183292 |
| 049 ## - COLECCIÓN | |
| Colección | ART |
| 100 1# - ASIENTO PRINCIPAL--NOMBRE PERSONAL | |
| Nombre de persona | Hernández Méndez, Griselda |
| 100 1# - ASIENTO PRINCIPAL--NOMBRE PERSONAL | |
| Filiación | griseldahm2001@yahoo.com.mx |
| 100 1# - ASIENTO PRINCIPAL--NOMBRE PERSONAL | |
| Filiación | grihernandez@uv.mx |
| 222 ## - TÍTULO CLAVE | |
| Título clave | PERFILES EDUCATIVOS |
| 245 ## - MENCIÓN DE TÍTULO | |
| Título | Los alumnos : adversarios en las relaciones de poder dentro del aula : testimonios de profesores |
| 260 ## - PUBLICACIÓN, DISTRIBUCIÓN, ETC. | |
| Lugar de publicación, distribución, etc. | México |
| 300 ## - DESCRIPCIÓN FÍSICA | |
| Extensión | 162-173 |
| 362 0# - FECHAS DE PUBLICACIÓN Y/O DESIGNACIÓN SECUENCIAL | |
| Fecha de publicación y/o designación secuencial | 2011 3a época, vol. 33, no. 133 |
| 520 ## - NOTA DE RESUMEN, ETC. | |
| Sumario, etc. | Las autoras buscan desmitificar la falacia arrogada por algunas perspectivas teóricas de que el maestro es el único que ejerce poder en el aula. Por ello, recuperan postulados del enfoque microfísico foucaultiano, tales como la concepción misma de poder, la visualización del aula como un micromundo, la función de los diferentes dispositivos o estrategias para ejercer el poder, y el sentido de la ecuación baconiana poder-saber; además, recogen testimonios de profesores-estudiantes de un posgrado, cuyo valor queda explícito a lo largo del artículo. Las voces y los sentimientos de profesores, exteriorizados a través de este texto, permiten ver cómo se viven las relaciones de poder en el aula, qué estrategias utilizan los alumnos para menoscabar la autoridad docente y cómo es que en ocasiones llegan a ejercer mayor poder que el maestro |
| 653 0# - TERMINO DE INDIZACION - NO CONTROLADO | |
| Término no controlado | ESTRATEGIAS DE PODER |
| 653 0# - TERMINO DE INDIZACION - NO CONTROLADO | |
| Término no controlado | AUTORIDAD DOCENTE |
| 653 0# - TERMINO DE INDIZACION - NO CONTROLADO | |
| Término no controlado | PODER |
| 700 1# - ASIENTO SECUNDARIO--NOMBRE DE PERSONAL | |
| Nombre de persona | Reyes Cruz, María del Rosario, |
| 700 1# - ASIENTO SECUNDARIO--NOMBRE DE PERSONAL | |
| Término indicativo de función/relación | coaut. |
| 700 1# - ASIENTO SECUNDARIO--NOMBRE DE PERSONAL | |
| Filiación | rosreyes@uqroo.mx |
| 700 1# - ASIENTO SECUNDARIO--NOMBRE DE PERSONAL | |
| Filiación | rosreyescruz@hotmail.com |
| 856 4# - LOCALIZACIÓN Y ACCESO ELECTRÓNICOS | |
| Identificador Uniforme del Recurso | <a href="http://www.scielo.org.mx/scielo.php?script=sci_arttext&pid=S0185-26982011000300010&lng=es&nrm=i&tlng=es">http://www.scielo.org.mx/scielo.php?script=sci_arttext&pid=S0185-26982011000300010&lng=es&nrm=i&tlng=es</a> |
| 905 ## - TIPO DE MATERIAL | |
| Tipo de material | Articulo |
No items available.
